000 00294nam a2200133Ia 4500
100 _aKelkar & Deo
650 _aDraughtsman
942 _cBK
654 _aDrawing
245 _aGooded Exercises in Isometric Drawing
260 _bMacmillon & co
_c2001
082 _a604.24
546 _aENGLISH
999 _c20638
_d20638